| 000 | 00811nam a22002057a 4500 | ||
|---|---|---|---|
| 003 | BD-DhUL | ||
| 005 | 20180123111101.0 | ||
| 008 | 180123s1984 ii ||||| |||| 00| 0 ben d | ||
| 040 |
_aBD-DhUL _cBD-DhUL |
||
| 082 |
_a813 _bLAS |
||
| 100 | 1 | _aলন্ডন, জ্যাক | |
| 245 | 1 |
_aশ্রেষ্ঠ গল্প / _cজ্যাক লন্ডন অনুবাদ রমা ভট্টাচার্য ও সিদ্ধার্খ ঘোষ |
|
| 260 |
_aকলিকাতা : _bপপুলার, _c১৯৮৪। |
||
| 300 |
_a২০৬ পৃ. _c২১ সেমি. |
||
| 650 | 0 | _aবাংলা উপন্যাস | |
| 650 | 0 | _aBengali fiction | |
| 700 | 0 | _aরমা ভট্টাচার্য | |
| 700 | 0 | _4সিদ্ধার্খ ঘোষ | |
| 942 |
_2ddc _cBK |
||
| 999 |
_c237332 _d237332 |
||